Introduction to probability and statistics : Obs. Book, 783 s.,príl. 100 s.. Study guide to accompany, 405 s

Na minha lista:
Detalhes bibliográficos
Autor principal: Mendenhall, William (Author)
Formato: Livro
Idioma:inglês
Publicado em: Boston : PWS-Kent Publ.comp, 1987
Edição:7.ed.
Assuntos:
Tags: Adicionar Tag
Sem tags, seja o primeiro a adicionar uma tag!

MARC

LEADER 00000nam a22000003a 4500
001 stu7198
005 20150617225808.8
008 941214s1987----xxu-----------------eng-d
040 |a STU  |b slo 
041 0 |a eng 
044 |a xxu 
080 |a 519.2 
100 1 |a Mendenhall, William  |4 aut 
245 1 |a Introduction to probability and statistics :  |b Obs. Book, 783 s.,príl. 100 s.. Study guide to accompany, 405 s 
250 |a 7.ed. 
260 |a Boston :  |b PWS-Kent Publ.comp,  |c 1987 
300 |a 2.vol 
650 7 |a pravdepodobnosť  |2 stusub 
650 7 |a matematická štatistika  |2 stusub 
996 |b 284EK07678  |c E*79448  |l EE01  |s A  |a 24  |w stu7198_0001 
996 |b 284EK07460  |c E*79449  |l EE01  |s A  |a 24  |w stu7198_0002